Ανακάτεμα Λέξεων - Πρωτεύουσες - Statistics

General Stats
  • This quiz has been taken 6 times
  • The average score is 8 of 20
Answer Stats
Πρωτεύουσα % Correct
Ανταναναρίβο
100%
Ποντγκόριτσα
100%
Ισλαμαμπάντ
100%
Λιλόνγκουε
100%
Μοντεβιδέο
100%
Σιγκαπούρη
100%
Μπραζίλια
100%
Ρέικιαβικ
100%
Μπανγκόκ
100%
Σαράγεβο
100%
Βαγδάτη
100%
Γερεβάν
100%
Κινσάσα
100%
Λονδίνο
100%
Μπαμακό
100%
Μπισκέκ
100%
Αστανά
100%
Μανίλα
100%
Μονακό
100%
Παρίσι
100%
Σούκρε
100%
Χαράρε
100%
Αθήνα
100%
Κάιρο
100%
Πράγα
100%
Σαναά
100%
Σόφια
100%
Ανόι
100%
Λίμα
100%
Ρίγα
100%
Μόσχα
67%
Σούβα
67%
Μπρατισλάβα
50%
Άμστερνταμ
50%
Μονρόβια
50%
Φρίταουν
50%
Μανάμα
50%
Ντακάρ
50%
Ντάκα
50%
Μαλέ
50%
Μπαστέρ
33%
Ουαγκαντούγκου
0%
Γιαμουσσούκρο
0%
Μπλουμφοντέιν
0%
Νγκερουλμούντ
0%
Ουέλλινγκτον
0%
Τεγουσιγάλπα
0%
Βουκουρέστι
0%
Κίνγκσταουν
0%
Λιουμπλιάνα
0%
Μογκαντίσου
0%
Μπριτζτάουν
0%
Νουκουαλόφα
0%
Παραμαρίμπο
0%
Τζώρτζταουν
0%
Βουδαπέστη
0%
Γκαμπορόνε
0%
Ιερουσαλήμ
0%
Πιονγιάνγκ
0%
Φουναφούτι
0%
Ασγκαμπάτ
0%
Ασουνσιόν
0%
Βελιγράδι
0%
Βρυξέλλες
0%
Κατμαντού
0%
Κίνγκστον
0%
Κοπεγχάγη
0%
Λιμπρεβίλ
0%
Μπελμοπάν
0%
Μπραζαβίλ
0%
Ντουσαμπέ
0%
Στοκχόλμη
0%
Τζιμπουτί
0%
Αμπούτζα
0%
Βαρσοβία
0%
Βατικανό
0%
Βερολίνο
0%
Βιεντιάν
0%
Βικτώρια
0%
Βίλνιους
0%
Βίντχουκ
0%
Γιαουντέ
0%
Γκιτέγκα
0%
Δαμασκός
0%
Δουβλίνο
0%
Ζάγκρεμπ
0%
Κισινάου
0%
Λευκωσία
0%
Λισαβόνα
0%
Μανάγουα
0%
Ματζούρο
0%
Μπαμπάνε
0%
Μπανζούλ
0%
Μπισσάου
0%
Μπογκοτά
0%
Ναϊρόμπι
0%
Νουακσότ
0%
Ντζαμένα
0%
Ντοντόμα
0%
Πρετόρια
0%
Πρίστινα
0%
Σαντιάγο
0%
Τασκένδη
0%
Τεχεράνη
0%
Τζακάρτα
0%
Βαντούζ
0%
Βηρυτός
0%
Ελσίνκι
0%
Καμπάλα
0%
Καμπέρα
0%
Καμπούλ
0%
Καράκας
0%
Κάστρις
0%
Κιγκάλι
0%
Κονακρί
0%
Κοτονού
0%
Λουάντα
0%
Λουσάκα
0%
Μαδρίτη
0%
Μαπούτο
0%
Μασερού
0%
Μουσκάτ
0%
Μπανγκί
0%
Νάσσαου
0%
Νέπιντο
0%
Παλικίρ
0%
Τζούμπα
0%
Τιφλίδα
0%
Τρίπολη
0%
Χαρτούμ
0%
Άγκυρα
0%
Αλγέρι
0%
Ασμάρα
0%
Βαλέτα
0%
Βιέννη
0%
Γιαρέν
0%
Μορονί
0%
Μπακού
0%
Ονιάρα
0%
Οττάβα
0%
Πεκίνο
0%
Ραμπάτ
0%
Σκόπια
0%
Ταϊπέι
0%
Τιμπού
0%
Τίρανα
0%
Τύνιδα
0%
Αβάνα
0%
Άκκρα
0%
Αμμάν
0%
Βέρνη
0%
Κίεβο
0%
Μινσκ
0%
Νιαμέ
0%
Ντίλι
0%
Ντόχα
0%
Πράια
0%
Ριάντ
0%
Σεούλ
0%
Τάλιν
0%
Τόκιο
0%
Απία
0%
Κίτο
0%
Λομέ
0%
Όσλο
0%
Ροζό
0%
Ρώμη
0%
Ουάσινγκτον
0%
No matching quizzes found
Score Distribution
Percent of People with Each Score
Percentile by Number Answered
Your Score History
You have not taken this quiz